Embodied aesthetics : proceedings of the 1st International Conference on Aesthetics and the Embodied Mind, 26th-28th August 2013 /
Salvato in:
| Ente Autore: | |
|---|---|
| Altri autori: | , |
| Natura: | Elettronico Atti del Convegno eBook |
| Lingua: | inglese |
| Pubblicazione: |
Leiden, Netherlands :
Brill,
2014.
|
| Serie: | Philosophy of history and culture ;
Volume 34. |
| Soggetti: | |
| Accesso online: | An electronic book accessible through the World Wide Web; click to view |
| Tags: |
Nessun Tag, puoi essere il primo ad aggiungerne!!
|
MARC
| LEADER | 00000nam a2200000 i 4500 | ||
|---|---|---|---|
| 001 | 0000189454 | ||
| 005 | 20171002065509.0 | ||
| 006 | m o d | ||
| 007 | cr cn||||||||| | ||
| 008 | 141120t20142014ne ob 001 0 eng d | ||
| 020 | |z 9789004281509 | ||
| 020 | |a 9789004281516 (e-book) | ||
| 035 | |a (CaPaEBR)ebr10984170 | ||
| 035 | |a (OCoLC)895256957 | ||
| 040 | |a CaPaEBR |b eng |e rda |e pn |c CaPaEBR | ||
| 050 | 1 | 4 | |a BH39 |b .I584 2014eb |
| 082 | 0 | 4 | |a 111/.85 |2 23 |
| 111 | 2 | |a International Conference on Aesthetics and the Embodied Mind |n (1st : |d 2013) | |
| 245 | 1 | 0 | |a Embodied aesthetics : |b proceedings of the 1st International Conference on Aesthetics and the Embodied Mind, 26th-28th August 2013 / |c edited by Alfonsina Scarinzi ; contributors, Xavier Escribano [and seven others]. |
| 264 | 1 | |a Leiden, Netherlands : |b Brill, |c 2014. | |
| 264 | 4 | |c ©2014 | |
| 300 | |a 1 online resource (160 pages). | ||
| 336 | |a text |2 rdacontent | ||
| 337 | |a computer |2 rdamedia | ||
| 338 | |a online resource |2 rdacarrier | ||
| 490 | 1 | |a Philosophy of History and Culture, |x 0922-6001 ; |v Volume 34 | |
| 504 | |a Includes bibliographical references at the end of each chapters and index. | ||
| 588 | |a Description based on print version record. | ||
| 590 | |a Electronic reproduction. Palo Alto, Calif. : ebrary, 2014. Available via World Wide Web. Access may be limited to ebrary affiliated libraries. | ||
| 650 | 0 | |a Aesthetics |v Congresses. | |
| 650 | 0 | |a Human body (Philosophy) |v Congresses. | |
| 655 | 0 | |a Electronic books. | |
| 700 | 1 | |a Scarinzi, Alfonsina, |e editor. | |
| 700 | 1 | |a Escribano, Xavier, |e contributor. | |
| 776 | 0 | 8 | |i Print version: |a International Conference on Aesthetics and the Embodied Mind (1st : 2013) |t Embodied aesthetics : proceedings of the 1st International Conference on Aesthetics and the Embodied Mind, 26th-28th August 2013. |d Leiden, Netherlands : Brill, c2014 |h vii, 150 pages |k Philosophy of history and culture ; Volume 34. |x 0922-6001 |z 9789004281509 |w 2014030880 |
| 797 | 2 | |a ebrary. | |
| 830 | 0 | |a Philosophy of history and culture ; |v Volume 34. | |
| 856 | 4 | 0 | |u http://site.ebrary.com/lib/daystar/Doc?id=10984170 |z An electronic book accessible through the World Wide Web; click to view |
| 908 | |a 170314 | ||
| 942 | 0 | 0 | |c EB |
| 999 | |c 178587 |d 178587 | ||